000 00292nam a22001217a 4500
008 181123b xxu||||| |||| 00| 0 eng d
041 _aeng
080 _a043.3
100 _a0
101 _aBTH-SHP
245 _aRoli i Nato-s ne Sigurine e Ballkanit Perendimor
_cOsmani, D
942 _2udc
_cBK
999 _c52426
_d52426